Statistiques concernant đź“– 150 premiers mots "Et que ne durent que les moments doux" Grimaldi

Cliquez ici pour prendre le quiz!

Statistiques générales

  • Ce quiz a Ă©tĂ© pris 8 fois
  • Le rĂ©sultat moyen est 92 sur 150

Statistiques - réponses

Mots% Correct
Ă 
100%
ai
100%
avait...
100%
avait
100%
C'
100%
Charline
100%
d'
100%
De
100%
de
100%
du
100%
elle
100%
en
100%
et,
100%
et
100%
Ă©tait
100%
gare
100%
Il
100%
j'
100%
J'
100%
L'
100%
l'
100%
la
100%
Le
100%
le
100%
les
100%
loin.
100%
mais
100%
me
100%
Montparnasse
100%
ne
100%
pas
100%
pas,
100%
peu
100%
pour
100%
samedi,
100%
se
100%
son
100%
Thomas
100%
un
100%
au
83%
bien
83%
chaud
83%
est
83%
ĂŞtre
83%
faisait
83%
nous
83%
père.
83%
sur
83%
tous
83%
tout
83%
août.
67%
aux
67%
avais
67%
Avant
67%
deux
67%
mois
67%
ans,
50%
cinq
50%
leurs
50%
mĂŞme
50%
métro
50%
minutes.
50%
situé.
50%
trois
50%
vers
50%
allée
33%
appartement
33%
douze.
33%
huit
33%
long
33%
regretté
33%
rues
33%
Seule
33%
trouve
33%
chambres.
17%
chez
17%
défait
17%
ascenseur
0%
ascension
0%
attaque
0%
boîte
0%
cartons,
0%
collé
0%
commissariat
0%
couleurs
0%
décoré
0%
déménagement.
0%
dessin
0%
divorce.
0%
Ă©norme
0%
Ă©tage,
0%
Ă©touffer
0%
exigu,
0%
gloussé
0%
hĂ´pital
0%
jolies
0%
lettres,
0%
meubles,
0%
monté
0%
monter
0%
murs
0%
nettoyé
0%
nom
0%
organisation
0%
parfumé
0%
pénis
0%
porte
0%
précédent
0%
quatrième
0%
remémorant
0%
saluait.
0%
sanitaires,
0%
traumatisme
0%
urine,
0%
vaisselle
0%
vivre
0%

Distribution des résultats

Percentile par nombre de réponses

% des personnes avec chaque résultat

Votre développement - résultats

Vous n’avez pas pris ce quiz